MARC

LEADER 00000nam0a2200000 4500
001 320881
005 20231102003324.0
035 |a (RuTPU)RU\TPU\book\346412 
035 |a RU\TPU\book\151329 
090 |a 320881 
100 |a 20160728d1980 m y0rusy5003 ca 
101 1 |a rus  |c uzb 
102 |a RU 
105 |a a z 000ay 
200 1 |a Звездные ночи  |e роман  |e пер. с узбек.  |f П. К. Кадыров  |g пер. Ю. Суровцев 
210 |a Москва  |c Советский писатель  |d 1980 
215 |a 400 с.  |c ил. 
600 0 |a Захиреддин (Захир-ад-дин) Мухаммед Бабур  |f 1483-1530  |c правитель Могольской империи  |c основатель династии Великих Моголов  |c из династии Тимуридов  |2 stltpush  |3 (RuTPU)RU\TPU\pers\10061 
606 1 |a Узбекская литература  |2 stltpush  |3 (RuTPU)RU\TPU\subj\62956  |9 80011 
610 1 |a Монгольская империя 
610 1 |a Средняя Азия 
610 1 |a Афганистан 
610 1 |a Индия 
610 1 |a 16 век 
610 1 |a романы 
610 1 |a художественная литература 
675 |a 894.375  |v 3 
700 1 |a Кадыров  |b П. К.  |g Пиримкул Кадырович 
702 1 |a Суровцев  |b Ю.  |4 730 
801 0 |a RU  |b 63413507  |c 19950704  |g psbo 
801 1 |a RU  |b 63413507  |c 20080610  |g PSBO 
801 2 |a RU  |b 63413507  |c 20200519  |g PSBO 
942 |c BK